000
00291nam a2200121Ia 4500
008
191201s2009 xx 000 0 und d
100
_a
GUPTA, Shashi K
245
0
_a
Organisational Behaviour
260
_a
N. delhi
_b
kalyani pub
_c
2009
300
_a
misc
650
_a
MBA
942
_2
ddc
_c
BK
_0
5
999
_c
6562
_d
6562